| 000 | 00856nam a2200253 i 4500 | ||
|---|---|---|---|
| 001 | 000030696 | ||
| 003 | DO-SdBNP | ||
| 005 | 20240927110951.0 | ||
| 007 | ta | ||
| 008 | 110526s1974 dr r 000 0 spa d | ||
| 040 |
_aDO-SdBNP _bspa _cBNPHU _erda |
||
| 082 | 4 |
_bV443c _222 |
|
| 100 | 1 |
_aVeloz Maggiolo, Marcio, _d1936-2021 _91104 _eautor _4aut. |
|
| 245 | 1 | 3 |
_aEl caimito : _bun antiguo complejo ceramista de las antillas mayores / _cMarcio Veloz Maggiolo, Elpidio Ortega, Plinio Ortega P. |
| 264 | 1 |
_aSanto Domingo : _bEdiciones Fundacion García-Arévalo, _c1974. |
|
| 300 |
_a25 páginas ; _c23 cm. |
||
| 336 |
_atexto _btxt _2rdacontent |
||
| 337 |
_asin mediación _bn _2rdamedia |
||
| 338 |
_avolumen _bnc _2rdacarrier |
||
| 590 | _aInventariado, 2024/BT | ||
| 700 | 1 |
_aOrtega, Elpidio _916002 |
|
| 700 | 1 |
_aPina P., Plinio _916420 |
|
| 942 |
_2ddc _cLF2 |
||
| 999 |
_c30188 _d30188 |
||